Literacy in theory and practice
| Published in: | Cambridge studies in oral and literate culture |
|---|---|
| Main Author: | |
| Content type: | Book |
| Published: |
Cambridge:
Univ. Pr.
1988
|
| Edition: | Repr |
| Series: | Cambridge studies in oral and literate culture ; 9 |
| Source: | MPIPL_cat |
| _version_ | 1863687004406939649 |
|---|---|
| author | Street, Brian V. |
| author_facet | Street, Brian V. |
| author_search | Street, Brian V. |
| author_sort | Street, Brian V. |
| author_variant | b v s bv bvs |
| callnumber-first | 404.2-Str/1 |
| callnumber-label | 404 |
| callnumber-raw | 404.2-STR/1 |
| callnumber-search | 404.2-STR/1 |
| collection_details | MPIPL |
| container_title | Cambridge studies in oral and literate culture |
| dedup_id_str | MPIPL_cat.PL0051701 |
| dewey-hierarchy | 0/[Unassigned]/ |
| dewey-hierarchy_str | 0/[Unassigned]/ |
| edition | Repr |
| first_indexed | 2026-03-14T00:40:04Z |
| format | 0/Buch/ |
| format_str | 0/Buch/ |
| fullrecord | <?xml version="1.0" encoding="UTF-8"?>
<collection xmlns:xsi="http://www.w3.org/2001/XMLSchema-instance" xsi:schemaLocation="http://www.loc.gov/MARC21/slim http://www.loc.gov/standards/marcxml/schema/MARC21slim.xsd" xmlns="http://www.loc.gov/MARC21/slim">
<record>
<leader>00000cam a2200000 ub4500</leader>
<controlfield tag="001">PL0051701</controlfield>
<controlfield tag="003">PLI01000000000000000051444</controlfield>
<controlfield tag="005">00000000000000.0</controlfield>
<controlfield tag="008"> ||| u </controlfield>
<datafield tag="020" ind1=" " ind2=" ">
<subfield code="a">0-521-28961-0</subfield>
</datafield>
<datafield tag="020" ind1=" " ind2=" ">
<subfield code="a">9780521289610</subfield>
</datafield>
<datafield tag="090" ind1=" " ind2=" ">
<subfield code="a">404.2-Str/1</subfield>
</datafield>
<datafield tag="100" ind1="1" ind2=" ">
<subfield code="a">Street, Brian V.</subfield>
</datafield>
<datafield tag="245" ind1="0" ind2="0">
<subfield code="a">Literacy in theory and practice</subfield>
<subfield code="c">Brian V. Street</subfield>
</datafield>
<datafield tag="250" ind1=" " ind2=" ">
<subfield code="a">Repr.</subfield>
</datafield>
<datafield tag="260" ind1=" " ind2=" ">
<subfield code="a">Cambridge</subfield>
<subfield code="b">Univ. Pr.</subfield>
<subfield code="c">1988</subfield>
</datafield>
<datafield tag="300" ind1=" " ind2=" ">
<subfield code="a">XI, 243 p.</subfield>
</datafield>
<datafield tag="989" ind1=" " ind2=" ">
<subfield code="a">99-05c</subfield>
</datafield>
<datafield tag="490" ind1="0" ind2=" ">
<subfield code="a">Cambridge studies in oral and literate culture</subfield>
<subfield code="v">9</subfield>
</datafield>
<datafield tag="830" ind1=" " ind2="0">
<subfield code="w">PL0000945</subfield>
</datafield>
<datafield tag="852" ind1=" " ind2=" ">
<subfield code="c">404.2-Str/1</subfield>
<subfield code="m">BOOK</subfield>
</datafield>
</record>
</collection>
|
| hierarchy_parent_id | MPIPL_cat.PL0000945 |
| hierarchy_parent_title | Cambridge studies in oral and literate culture |
| id | MPIPL_cat.PL0051701 |
| illustrated | Not Illustrated |
| institution | MPIPL_cat |
| institution_str | MPIPL_cat |
| isbn | 9780521289610 0-521-28961-0 |
| language | und |
| language_str | und |
| last_indexed | 2026-04-27T23:41:36Z |
| local_fields | 99-05c |
| online | false |
| online_MPIPL_cat | false |
| online_str | false |
| physical | XI, 243 p. |
| publishDate | 1988 |
| publishDate_str | 1988 |
| publisher | Univ. Pr |
| record_format | marc |
| series | Cambridge studies in oral and literate culture |
| signature_search | 404.2-Str/1 |
| spelling | Street, Brian V. Literacy in theory and practice Brian V. Street Repr Cambridge Univ. Pr 1988 XI, 243 p. Cambridge studies in oral and literate culture 9 PL0000945 |
| spellingShingle | Street, Brian V. Literacy in theory and practice Cambridge studies in oral and literate culture |
| title | Literacy in theory and practice |
| title_full | Literacy in theory and practice Brian V. Street |
| title_fullStr | Literacy in theory and practice Brian V. Street |
| title_full_unstemmed | Literacy in theory and practice Brian V. Street |
| title_search | Literacy in theory and practice Cambridge studies in oral and literate culture |
| title_short | Literacy in theory and practice |
| title_sort | literacy in theory and practice brian v street |